Porovnanie štruktúrovaného a objektového prístupu k tvorbe informačného systému : Bakalárska práca

Salvato in:
Dettagli Bibliografici
Autore principale: Lubušký, Rastislav (Autore)
Altri autori: Jedlička, Martin, 1979- (xxx)
Natura: Manoscritto Libro
Lingua:slovacco
Pubblicazione: Trnava : STU v Bratislave MtF KAIA, 2005
Soggetti:
Tags: Aggiungi Tag
Nessun Tag, puoi essere il primo ad aggiungerne!!

MARC

LEADER 00000ntm a22000003a 4500
001 stu96337
005 20160719155328.1
008 051019s2005----xo------------------slo-d
040 |a STU  |b slo 
041 0 |a slo 
044 |a xo 
100 1 |a Lubušký, Rastislav  |4 aut 
245 1 |a Porovnanie štruktúrovaného a objektového prístupu k tvorbe informačného systému :  |b Bakalárska práca 
260 |a Trnava :  |b STU v Bratislave MtF KAIA,  |c 2005 
300 |a 47 s  |c príl (1 CD) 
650 7 |a aplikovaná informatika a automatizácia v priemysle  |2 stusub 
650 7 |a informačný systém  |2 stusub 
700 1 |a Jedlička, Martin,  |d 1979-  |4 xxx  |u M180  |U MTF Materiálovotechnologická fakulta  |T MTF Katedra aplikovanej informatiky a automatizácie  |X 5246  |U M180  |Y 166  |7 A000005246 
996 |b 284M063215  |c M*BP-1653  |l MMSKP  |s P  |a 0  |w stu96337_0001